Paroles Tomber-Gérald De Palmas - Statistiques

Statistiques générales
  • Ce quiz a été pris 45 fois
  • Le résultat moyen est 191 sur 255
Statistiques - réponses
Réponse % Correct
ma
94%
m'a
94%
Tomber
94%
tomber
94%
du
91%
Et
91%
la
91%
La
91%
91%
Tout
91%
tout
91%
côté
88%
je
88%
Je
88%
laissé
88%
me
88%
ne
88%
Ne
88%
pas
88%
Pas
88%
seul
88%
tu
88%
A
84%
à
84%
mauvais
84%
en
81%
heures
81%
m'as
81%
ces
78%
de
78%
qui
78%
j'ai
75%
été
72%
lâché
72%
même
72%
que
72%
seuil
72%
toutes
72%
Toutes
72%
clé
69%
Dix
69%
porte
69%
place
66%
pluie
66%
si
66%
sont
66%
ça
63%
Dans
63%
feuilles
63%
plus
63%
par
59%
C'est
56%
ton
56%
mortes
53%
n'ai
53%
peine
53%
ramasse
53%
Tombée
53%
tombée
53%
passes
50%
benne
47%
camion
47%
personne
47%
Personne
47%
peur
47%
pelles
38%
rappelle
38%
transporte
38%
l'on
34%
couronnes
25%
fleurs
25%
deuils
16%
Aucun quiz correspondant
Distribution des résultats
% des personnes avec chaque résultat
Percentile par nombre de réponses
Votre historique - résultats
Vous n’avez pas pris ce quiz